00720nam a2200229 i 450000100060000000300090000600500170001500700030003200800390003502000180007408000250009210000410011724500370015825000120019526000390020730000220024649000210026883000430028985200190033299900170035195201220036847447ES-MaACL20251019063040.0t|030428s2002 sp ||||0| spa a84-322-1132-X a821.134.2(72)-31"19"1 aFuentes, Carlos, d1928-2012924237810aEn esto creo / cCarlos Fuentes. a1ยช ed. aBarcelona : bSeix Barral, c2002. a358 p. ; c23 cm.1 aBiblioteca breve1 aBiblioteca breve (Seix Barral)92271881 aBA jL-26253 c47447d47447 00104070aATENEOMbATENEOMcDEPO2d2008-01-17eSCl0oL-26253p1049921r2023-02-23 00:00:00w2023-02-23yMONOGRAFIA